|
|
|
|
| LEADER |
01493nam a2200409 a 4500 |
| 001 |
36959 |
| 003 |
BD-DhAAL |
| 005 |
20211129105620.0 |
| 008 |
200126t2009 enka b 000 0 eng d |
| 999 |
|
|
|c 42186
|d 42186
|
| 010 |
|
|
|a 2008939443
|
| 015 |
|
|
|a GBA908665
|2 bnb
|
| 016 |
7 |
|
|a 014889693
|2 Uk
|
| 020 |
|
|
|a 9781847879011 (hbk. : 4 vol. set)
|
| 020 |
|
|
|a 1847879012 (hbk. : 4 vol. set)
|
| 035 |
|
|
|a (OCoLC)ocn300404085
|
| 040 |
|
|
|a UKM
|c UKM
|d YDXCP
|d BTCTA
|d NLGGC
|d IWA
|d DLC
|d BD-DhAAL
|
| 042 |
|
|
|a lccopycat
|
| 050 |
0 |
0 |
|a HD58.8
|b .C5438 2009
|
| 082 |
0 |
4 |
|a 658.406
|2 22
|
| 245 |
0 |
0 |
|a Change management,
|n Vol. 4 /
|c edited by Derek S. Pugh and David Mayle.
|
| 260 |
|
|
|a Los Angeles :
|b SAGE,
|c 2009.
|
| 300 |
|
|
|a vi, 386 pages :
|b illustrations ;
|c 24 cm.
|
| 362 |
|
|
|a Vol. 4
|
| 490 |
1 |
|
|a SAGE library in business and management
|
| 504 |
|
|
|a Includes bibliographical references.
|
| 526 |
|
|
|a BBS
|
| 541 |
|
|
|a Development Book Agency
|e 36959
|
| 650 |
|
0 |
|a Organizational change
|x Management.
|9 39136
|
| 650 |
|
0 |
|a Finance.
|9 39140
|
| 650 |
|
0 |
|a Business & finance
|9 43327
|
| 700 |
1 |
|
|a Pugh, Derek Salman.
|9 39137
|
| 700 |
1 |
|
|a Mayle, David.
|9 39138
|
| 830 |
|
0 |
|a Sage library in business and management.
|9 39139
|
| 852 |
|
|
|a Ayesha Abed Library
|c General Stacks
|
| 942 |
|
|
|2 ddc
|c BK
|
| 952 |
|
|
|0 0
|1 0
|2 ddc
|4 0
|6 658_406000000000000_CHA
|7 0
|9 67785
|a BRACUL
|b BRACUL
|c GEN
|d 2020-01-23
|e Development Book Agency
|g 6250.00
|l 0
|o 658.406 CHA
|p 3010036959
|r 2020-01-23
|t 1
|v 6250.00
|w 2020-01-23
|y BK
|